|
|
|
|
| LEADER |
00000nam0a2200000 4500 |
| 001 |
126222 |
| 005 |
20231031131759.0 |
| 035 |
|
|
|a (RuTPU)RU\TPU\book\136555
|
| 090 |
|
|
|a 126222
|
| 100 |
|
|
|a 20071126d2006 m y0rusy50 ca
|
| 101 |
0 |
|
|a rus
|
| 102 |
|
|
|a RU
|
| 105 |
|
|
|a y j 001zy
|
| 200 |
1 |
|
|a Коммуникативные аспекты речевого взаимодействия
|e учебно-методическое пособие по курсу "Русский язык и культура речи"
|f М. А. Солодова
|g Томский политехнический университет (ТПУ)
|
| 210 |
|
|
|a Томск
|c Изд-во ТПУ
|d 2006
|
| 215 |
|
|
|a 60 с.
|
| 225 |
1 |
|
|a Учебники Томского политехнического университета
|
| 320 |
|
|
|a Литература: с. 57.
|
| 330 |
|
|
|a Учебно-методическое пособие посвящено обучению принципам эффективного речевого общения и развитию речевой культуры. Для совершенствования коммуникативных навыков представлен материал по всем видам речевой деятельности: чтению, письму, слушанию и устной речи. Блоки упражнений направлены на овладение искусством речи, приемами убеждения, преодоление коммуникативных барьеров. Предназначено для студентов технических специальностей ТПУ.
|
| 610 |
1 |
|
|a русский язык
|
| 610 |
1 |
|
|a лексика
|
| 610 |
1 |
|
|a общение
|
| 610 |
1 |
|
|a речевое общение
|
| 610 |
1 |
|
|a культура речи
|
| 610 |
1 |
|
|a устная речь
|
| 610 |
1 |
|
|a письменная речь
|
| 610 |
1 |
|
|a упражнения
|
| 610 |
1 |
|
|a учебные пособия
|
| 686 |
|
|
|a Ш141.2-923.7
|v LBC/SL-A
|2 rubbk
|
| 700 |
|
1 |
|a Солодова
|b М. А.
|g Мария Александровна
|
| 712 |
0 |
2 |
|a Томский политехнический университет (ТПУ)
|z 1991-
|2 stltpush
|3 (RuTPU)RU\TPU\col\376
|
| 801 |
|
1 |
|a RU
|b 63413507
|c 20071126
|g PSBO
|
| 801 |
|
2 |
|a RU
|b 63413507
|c 20120516
|g PSBO
|
| 942 |
|
|
|c BK
|